000 00852nam a2200205 a 4500
001 BRCA_8889
005 20190320210440.0
008 150617s1768----sp-#######---#000-0#lat-#
041 _alat
084 _aCO44
_b.H66 1768
100 1 _aHontheim, Johann Nikolaus van
_d1707-1790
_922121
245 1 0 _aJustini Febronni JCti statu Ecclesiae et Legitima potestae Romani Pontificis
_bliber singularis ad reuniendos disidentes in religione christianos compositus.
260 _aBullioni
_bApub Guillelmum Evrardi
_c1768
300 _a[50], 756 p.
_c22 x 16 cm
500 _aEditio tertia, priore emendatios et multo auctior
500 _aEstado físico: presenta encuadernación en pergamino con lomo desprendido y cintas rotas, con sello en canto superior
650 1 4 _aIglesia y estado
_yObras anteriores a 1800
_921950
902 _aCFM
942 _2lcc
_cB
999 _c8540
_d8540